000 00674nam a2200217 a 4500
005 20210219160455.0
008 081109s1980 mx r 000 0 spa d
020 _a9231017519
035 _aUPN01000166273
049 _aUNE
080 _a301.185 (04) =20 MUR No. 37.
100 1 _aMurray, Eloise
245 1 4 _aThe Child's first learning environment: Selected readings in home economics /
_cEloise Murray.
260 _aParis :
_bUNECO,
_c1980.
300 _a67 p.
440 0 _aEducational studies and documents; new series; 37
690 _aEnseñanza de las artes domésticas
690 _aPsicología del niño
690 _aMedio familiar
905 _aUNESCO
999 _c138385
_d138385